000 00734nam a2200253 a 4500
001 58536
003 BD-RjUL
005 20211209080631.0
008 161219s2001 nju 001 0 eng
020 _a0130191701
035 _a(BD-RjUL)58660
040 _aOX/U-1
_beng
_cBD-RjUL
_dBD-RjUL
041 _aeng
082 _223
_a332.6
_bHAM 2001
100 1 _aHaugen, Robert A.
_9173894
245 1 0 _aModern investment theory /
_cRobert A. Haugen.
250 _a5th ed.
260 _aUpper Saddle River, NJ :
_bPrentice Hall,
_cc2001.
300 _axvi, 656 p. ;
_c26 cm.
504 _aIncludes bibliographical references.
650 0 _aInvestment analysis.
_9173569
650 0 _aPortfolio management.
_9173895
942 _2ddc
_cBK
999 _c58536
_d58536